00894naa#a2200169#i#4500001002000000005001700020011001400037100004100051102000700092200036600099210008300465215001000548608004500558675005400603700005200657856001500709RU\NORMA\bibl\5539620260603163152.3##a1991-3222##a20221201b2022####ek#y0rusy0150####ca##aRU1#aОснования и порядок расторжения трудового договора по инициативе работодателя в государствах Евразийского экономического союза в контексте международных трудовых стандартовeЖурнальная статья1#aМоскваcЮридическое издательство Нормаd2022##a0 с.##aЖурнальная статья2local##aПраво. Юридические науки. 34#1aХасеновgМуслим Ханатович4#anaukaru.ru